000 00498nam a2200193Ia 4500
003 OSt
005 20250611150807.0
008 210719s2005 xx 000 0 und d
020 _a8120724224
040 _cAL
041 _aeng
082 _a659.2 JETP
100 _aJETHWANEY (Jaishri N) and SARKAR (Narendra Nath)
_9148698
245 _aPublic relations
260 _aNew Delhi
_bSterling Publishers Private Limited
_c2005
300 _avi,232
_bPB
365 _b125
_cRs
942 _2ddc
_cBK
999 _c214332
_d214332